A first course in differntial equations : with modeling application (Record no. 38835)

MARC details
000 -LEADER
fixed length control field 00482nam a2200193Ia 4500
020 ## - INTERNATIONAL STANDARD BOOK NUMBER
ISBN 0-534-95574-6
050 ## - CALL MARK
Classification number QA 372 .Z54/
100 ## - STATEMENT OF RESPONSIBILITY--MAIN AUTHOR NAME
Personal name Zill, Dennis G.
245 #2 - TITLE STATEMENT
Title A first course in differntial equations : with modeling application
250 ## - EDITION / VOLUME STATEMENT
Edition / Volume statement 6th ed.
260 ## - PUBLICATION, DISTRIBUTION, ETC. (IMPRINT)
Place of publication Pacific Grove
260 ## - PUBLICATION, DISTRIBUTION, ETC. (IMPRINT)
Name of publisher Thomson
260 ## - PUBLICATION, DISTRIBUTION, ETC. (IMPRINT)
Year of publication 1997
300 ## - PHYSICAL DESCRIPTION
Number of Pages 387 p
650 ## - SUBJECT ADDED ENTRY--TOPICAL TERM
Topical Term Pacific Grove
942 ## - ADDED ENTRY ELEMENTS (KOHA)
Koha item type Books
Holdings
Withdrawn status Lost status Source of classification or shelving scheme Damaged status Not for loan Permanent Location Current Location Shelving location Date acquired Accession Number Price effective from Koha item type
    Library of Congress Classification     NILE UNIVERSITY OF NIGERIA - MAIN LIBRARY NILE UNIVERSITY OF NIGERIA - MAIN LIBRARY Items on shelf 06/03/2025 0007610 06/03/2025 Books